[Event "Novosibirsk CC-ch"]
[Site "Novosibirsk"]
[Date "2007.01.26"]
[Round "10"]
[White "Skornyakov, Alexey"]
[Black "Konjkov, Victor"]
[Result "1/2-1/2"]
[WhiteElo "1901"]
[BlackElo "2034"]
[PlyCount "120"]
[EventDate "2007.01.14"]
[EventType "swiss"]
[EventRounds "11"]
[EventCountry "RUS"]
[SourceTitle "EXT 2010"]
[Source "ChessBase"]
[SourceDate "2010.11.25"]
[SourceVersion "1"]
[SourceVersionDate "2010.11.25"]
[SourceQuality "1"]

1. Nf3 Nf6 2. d4 g6 3. g3 Bg7 4. Bg2 0-0 5. b3 c5 6. Bb2 d6 7. 0-0 Qc7 8. c4 Bd7 9. Nc3 a6 10. Qd2 cxd4 11. Nxd4 Nc6 12. Rac1 Nxd4 13. Qxd4 Ne8 14. Qd2 e6 15. e4 Qa5 16. f4 Bc6 17. f5 exf5 18. exf5 Bxg2 19. Qxg2 Rb8 20. Nd5 f6 21. fxg6 hxg6 22. Rce1 Qc5+ 23. Kh1 b5 24. Qe4 Rf7 25. Ne7+ Kf8 26. Nxg6+ Kg8 27. Bd4 Qc7 28. Ne7+ Kf8 29. Ng6+ Kg8 30. Qd5 Qb7 31. Ne7+ Kf8 32. Qxb7 Rxb7 33. Nf5 bxc4 34. Rxe8+ Kxe8 35. Nxd6+ Kf8 36. Nxf7 Kxf7 37. bxc4 Rd7 38. Bb6 Rd2 39. a3 Ra2 40. Rf3 Ke6 41. c5 Rc2 42. Rf4 Ke5 43. Ra4 Bh6 44. Bc7+ Kd5 45. Bf4 Bxf4 46. Rxf4 Ke5 47. Ra4 Rxc5 48. Rxa6 Rc2 49. Ra4 Ra2 50. h3 Kf5 51. Rf4+ Ke5 52. a4 f5 53. h4 Ke6 54. g4 fxg4 55. Rxg4 Kf5 56. Rg5+ Kf6 57. a5 Ra4 58. Rb5 Rxh4+ 59. Kg2 Ra4 60. Rb6+ Ke5 1/2-1/2

[Event "Novosibirsk CC-ch"]
[Site "Novosibirsk"]
[Date "2007.01.24"]
[Round "8"]
[White "Skornyakov, Alexey"]
[Black "Bublei, Pavel"]
[Result "1-0"]
[WhiteElo "1901"]
[BlackElo "2055"]
[PlyCount "57"]
[EventDate "2007.01.14"]
[EventType "swiss"]
[EventRounds "11"]
[EventCountry "RUS"]
[SourceTitle "EXT 2010"]
[Source "ChessBase"]
[SourceDate "2010.11.25"]
[SourceVersion "1"]
[SourceVersionDate "2010.11.25"]
[SourceQuality "1"]

1. d4 d5 2. Nf3 Nf6 3. g3 e6 4. c4 dxc4 5. Bg2 Nc6 6. Qa4 Qd5 7. 0-0 Bd7 8. Nc3 Qh5 9. Qxc4 Be7 10. e4 Rc8 11. d5 Na5 12. Qd4 c5 13. dxc6 Nxc6 14. Qd1 0-0 15. h3 Rfd8 16. Qe2 e5 17. g4 Nxg4 18. hxg4 Bxg4 19. Qe3 Nd4 20. Nh2 Rc6 21. Nxg4 Qxg4 22. Qg3 Qh5 23. Qh3 Bh4 24. Be3 Rg6 25. Kh1 Rdd6 26. Nd5 Rg4 27. Rac1 h6 28. Bxd4 exd4 29. Bf3 1-0